Bitwa o Bydgoszcz
| Titel: | Bitwa o Bydgoszcz : 20-28 stycznia 1945 roku / Łukasz Mamert Nadolski |
|---|---|
| Verfasser: | |
| Veröffentlicht: | Bydgoszcz : Muzeum Wojsk Lądowych, 2023 |
| Umfang: | 515 Seiten, 28 ungezählte Seiten Bildtafeln : Illustrationen, Porträts, Karten ; 24 cm |
| Format: | Buch |
| Sprache: | Polnisch |
| ISBN: | 9788364130489 ; 836413048X |
| Hinweise zum Inhalt: |
Inhaltsverzeichnis
Buch Bibliographie Cover Register Abstract |
alg: 51887143 001A $03004:06-06-24 001B $01999:04-12-25 $t22:14:35.000 001D $03004:06-06-24 001U $0utf8 001X $00 002@ $0Aau 002C $aText $btxt $2rdacontent 002D $aohne Hilfsmittel zu benutzen $bn $2rdamedia 002E $aBand $bnc $2rdacarrier 003@ $0518871436 003O $01411287643 $aOCoLC 004A $A978-83-64130-48-9 004A $083-64130-48-X 007A $0BV049514063 $aBVB 007G $0DE020D7C46FFF60E8FAD4C1258B540049B64C 009P $qapplication/pdf $A2 $3Inhaltsverzeichnis $uhttp://scans.hebis.de/HEBCGI/show.pl?51887143_toc.pdf $mV:DE-603;B:DE-Mb50 009P $qapplication/pdf $A2 $3Buch Bibliographie $uhttp://scans.hebis.de/HEBCGI/show.pl?51887143_bib.pdf $mV:DE-603;B:DE-Mb50 009P $qapplication/pdf $A2 $3Cover $uhttp://scans.hebis.de/HEBCGI/show.pl?51887143_cov.pdf $mV:DE-603;B:DE-Mb50 009P $qapplication/pdf $A2 $3Register $uhttp://scans.hebis.de/HEBCGI/show.pl?51887143_idx.pdf $mV:DE-603;B:DE-Mb50 009P $qapplication/pdf $A2 $3Abstract $uhttp://scans.hebis.de/HEBCGI/show.pl?51887143_sum.pdf $mV:DE-603;B:DE-Mb50 010@ $apol 010E $erda 011@ $a2023 $n2023 021A $aBitwa o Bydgoszcz $d20-28 stycznia 1945 roku $hŁukasz Mamert Nadolski 028A $BVerfasser $4aut $8Nadolski, Łukasz Mamert$Z1976- [Tp3] $9486521559 033A $pBydgoszcz $nMuzeum Wojsk Lądowych 034D $a515 Seiten, 28 ungezählte Seiten Bildtafeln 034I $a24 cm 034M $aIllustrationen, Porträts, Karten 037A $aLiteraturverzeichnis Seite [456]-477 044A $aArmia Czerwona $S#2 $N653 044A $aWehrmacht $S#2 $N653 044A $aBitwa o Bydgoszcz (1945) $S#0 $N653 044A $aBydgoszcz (woj $S#2 $N653 044A $aNiemcy $S#2 $N653 044A $aZSRR $S#2 $N653 044A $a1901-2000 $S#4 $N653 044A $a1939-1945 $S#4 $N653 044A $aMonografia $S#6 $N653 044K $RBromberg $#Bromberg $#Bromberg $#Bydgoszsz $#Bromberg Bydgoszcz $74008333-0 $8Bydgoszcz [Tg1] $9085014478 044K $ROperation $#Battles $#Batailles $#Battaglie $#Batallas $#Schlacht $#Landschlacht $#Schlachten Militär $74052531-4 $8Schlacht [Ts1] $9085146544 044K $RRossijskaja Social'-Demokratičeskaja Rabočaja Partija (Bol'ševikov) $RRussische SFSR $RSowjetunion $#Raboče-Krestʹjanskaja Krasnaja Armija Sowjetunion $#Sowjetunion, Krasnaja Armija $#Krasnaja Armija Sowjetunion $#Sowjetunion, Red Army $#Red Army Sowjetunion $#Sowjetunion, Armée rouge $#Armée rouge Sowjetunion $#Sowjetunion, Rote Armee $#Rote Armee Sowjetunion $#RKKA SSSR $7130443-4 $8Sowjetunion$bRaboče-Krestʹjanskaja Krasnaja Armija [Tb1] $9040793427 044K $RDeutsches Reich $#Wehrmacht Deutsches Reich $#Deutsches Reich, Armed Forces $#Armed Forces Deutsches Reich $#Deutsche Wehrmacht $#German Armed Forces $726159-2 $8Deutsches Reich$bWehrmacht [Tb1] $9040317749 045F $a355.0094309044 $eDDC23BSB 045F/01 $a355.009 045F/03 $f09044 045F/03 $g43 045F/03 $g438 045F/03 $g4708 045R $aGeschichte 1945 045T $aOST $qDE-12 $2FID lok: 51887143 24 exp: 51887143 24 1 #EPN 201B/01 $004-07-24 $t08:31:46.000 201C/01 $006-06-24 201U/01 $0utf8 203@/01 $01264649479 208@/01 $a04-07-24 $bz 209A/01 $a24.03537 $du $f050 $h24 03537 $x00 209C/01 $a24.03537 K $h24 03537 K 209G/01 $a74889638 $x00 220C/01 $ahae 247C/01 $8358050-7Marburg, Bibliothek des Herder-Instituts Marburg $9102600961
| LEADER | 00000cam a2200000 c 4500 | ||
|---|---|---|---|
| 001 | 518871436 | ||
| 003 | DE-603 | ||
| 005 | 20251204221435.0 | ||
| 007 | tu | ||
| 008 | 240606s2023 xx |||| | u00||u|pol c | ||
| 020 | |a 9788364130489 | ||
| 020 | |a 836413048X | ||
| 035 | |a (DE-599)BVBBV049514063 | ||
| 035 | |a (OCoLC)1411287643 | ||
| 040 | |a DE-603 |b ger |c DE-603 |d DE-603 |e rda | ||
| 041 | |a pol | ||
| 082 | 0 | 4 | |8 1\u |a 355.0094309044 |q DE-101 |2 23/BSB |
| 084 | |a OST |q DE-12 |2 fid | ||
| 085 | |8 1\u |b 355.009 | ||
| 085 | |8 1\u |z 1 |s 09044 | ||
| 085 | |8 1\u |z 2 |s 43 | ||
| 085 | |8 1\u |z 2 |s 438 | ||
| 085 | |8 1\u |z 2 |s 4708 | ||
| 100 | 1 | |a Nadolski, Łukasz Mamert |d 1976- |e Verfasser |4 aut |0 (DE-603)486521559 |0 (DE-588)1243254009 |2 gnd | |
| 245 | 0 | 0 | |a Bitwa o Bydgoszcz |b 20-28 stycznia 1945 roku |c Łukasz Mamert Nadolski |
| 264 | 1 | |a Bydgoszcz |b Muzeum Wojsk Lądowych |c 2023 | |
| 300 | |a 515 Seiten, 28 ungezählte Seiten Bildtafeln |b Illustrationen, Porträts, Karten |c 24 cm | ||
| 336 | |a Text |b txt |2 rdacontent | ||
| 337 | |a ohne Hilfsmittel zu benutzen |b n |2 rdamedia | ||
| 338 | |a Band |b nc |2 rdacarrier | ||
| 500 | |a Literaturverzeichnis Seite [456]-477 | ||
| 610 | 1 | 7 | |a Sowjetunion |b Raboče-Krestʹjanskaja Krasnaja Armija |2 gnd |0 (DE-588)130443-4 |0 (DE-603)040793427 |
| 610 | 1 | 7 | |a Deutsches Reich |b Wehrmacht |2 gnd |0 (DE-588)26159-2 |0 (DE-603)040317749 |
| 648 | 7 | |a Geschichte 1945 |2 gnd | |
| 650 | 7 | |a Schlacht |0 (DE-588)4052531-4 |0 (DE-603)085146544 |2 gnd | |
| 651 | 7 | |a Bydgoszcz |0 (DE-588)4008333-0 |0 (DE-603)085014478 |2 gnd | |
| 856 | 4 | 2 | |m V:DE-603;B:DE-Mb50 |q application/pdf |u http://scans.hebis.de/HEBCGI/show.pl?51887143_toc.pdf |3 Inhaltsverzeichnis |
| 856 | 4 | 2 | |m V:DE-603;B:DE-Mb50 |q application/pdf |u http://scans.hebis.de/HEBCGI/show.pl?51887143_bib.pdf |3 Buch Bibliographie |
| 856 | 4 | 2 | |m V:DE-603;B:DE-Mb50 |q application/pdf |u http://scans.hebis.de/HEBCGI/show.pl?51887143_cov.pdf |3 Cover |
| 856 | 4 | 2 | |m V:DE-603;B:DE-Mb50 |q application/pdf |u http://scans.hebis.de/HEBCGI/show.pl?51887143_idx.pdf |3 Register |
| 856 | 4 | 2 | |m V:DE-603;B:DE-Mb50 |q application/pdf |u http://scans.hebis.de/HEBCGI/show.pl?51887143_sum.pdf |3 Abstract |
| 924 | 0 | |9 Mb 50 |a (DE-603)1264649479 |b DE-Mb50 |c HES |d c |g 24.03537 | |


